| 000 -LEADER |
| fixed length control field |
00710nam a22001937a 4500 |
| 005 - DATE AND TIME OF LATEST TRANSACTION |
| control field |
20240418151512.0 |
| 008 - FIXED-LENGTH DATA ELEMENTS--GENERAL INFORMATION |
| fixed length control field |
240418s2000 enk||||| |||| 00| 0 eng d |
| 020 ## - INTERNATIONAL STANDARD BOOK NUMBER |
| International Standard Book Number |
9780702020407x |
| 080 ## - UNIVERSAL DECIMAL CLASSIFICATION NUMBER |
| Universal Decimal Classification number |
611.0(075.8) D-29 |
| 100 ## - MAIN ENTRY--PERSONAL NAME |
| Personal name |
Dean, Christopher |
| 9 (RLIN) |
21863 |
| 245 ## - TITLE STATEMENT |
| Title |
Core Anatomy for Students : |
| Remainder of title |
Vol. 1: The Limbs and Vertebral Column / |
| Statement of responsibility, etc. |
Christopher Dean, John Pegington. |
| 264 ## - PRODUCTION, PUBLICATION, DISTRIBUTION, MANUFACTURE, AND COPYRIGHT NOTICE |
| Place of production, publication, distribution, manufacture |
London : |
| Name of producer, publisher, distributor, manufacturer |
Saunders, |
| Date of production, publication, distribution, manufacture, or copyright notice |
2000. |
| 300 ## - PHYSICAL DESCRIPTION |
| Extent |
198 p. : |
| Other physical details |
ill. |
| Dimensions |
25 cm. |
| 653 ## - INDEX TERM--UNCONTROLLED |
| keyword |
კიდურების ანატომია |
| 653 ## - INDEX TERM--UNCONTROLLED |
| keyword |
ხერხემლის ანატომია |
| 653 ## - INDEX TERM--UNCONTROLLED |
| keyword |
მედიცინა |
| 700 ## - ADDED ENTRY--PERSONAL NAME |
| Personal name |
Pegington, John |
| Relator term |
ავტორი |
| 9 (RLIN) |
21864 |
| 942 ## - ADDED ENTRY ELEMENTS (KOHA) |
| Source of classification or shelving scheme |
|
| Koha item type |
წიგნი |